Fini les paroles : PLK - Statistiques

Statistiques générales
  • Ce quiz a été pris 442 fois
  • Le résultat moyen est 14 sur 30
Statistiques - réponses
Chansons Nombre de mots manquants Paroles Réponse % Correct
Un peu de haine 1 Quand tout est noir, venir parler, c′est plus la peine Pars au charbon, rentre à la maison et ramène l'oseille Donc, je suis au stud′, je fais des hits et je t'... Emmerde
97%
Émotif (Booska 1H) 1 J'ressemble vraiment au daron: froid et dur comme un vrai glaçon
J'peux t'siroter comme un the glace, mais seulement si t'es fraiche
Pas de faux seins ou de mèches, faut qu'tes fesses ressemblent a une...
pêche
97%
Faut pas 1 Solo à la maison Maman avait raison Les amis, ça change comme les... Saisons
73%
Nouvelles 4 Des menaces de m'quitter mais si t'as un truc à faire, fais-le T'inquiète pas mon bateau a déjà vécu des grosses tempêtes C'est Polak, vingt-cinq ans à... Dormir sur la banquette
70%
Copine 2 15 euros l'cocktail, c'est l'prix normal Ouais, la copine veut même plus entendre parler des garçons J'l'écoute parler, j'fume ma clope et j'me rajoute... Des glaçons
69%
Hola 1 Moi j'suis toujours dans mes missions, j'veux des kichtas et des kichtas
J'suis, tout terrain comme pickup, j'veux rentrer dans ton p'tit cœur
J'suis un rappeur pas un people, mes fans crient plus qu'ceux des...
Beatles
68%
Demain 1 La caravane passe, les chiens aboient leur grand-mère Fini les bats', faut s'barrer au grand air Ici, on s'enterre, soit on réussit, soit on finit à... Nanterre
57%
Il pleut à Paris 4 Une racli qui pète les scores, qui défend sa mif comme Ramos Moi, j'reste focus sur le biz, faire tourner mon entreprise Un p'tit truc familial, gros, qui... Connait pas la crise
56%
Dis-moi oui 2 Une groupie qui sur moi avait misé, elle a toujours rêvé de moi, j'la fais trop kiffer
Elle aimerait que j'la démonte, pendant des heures, des plombes
Dans lumière ou pénombre, j'connais même pas...
Son nom
55%
Bunkoeur 3 J'ai pas envie d'être embêté, ni d'être embêtant J'veux juste kiffer, le reste, c'est pas dans mes plans C'est nul comme rappeur qui est pas... Dans les temps
54%
Ça fait longtemps 1 À la base on est gentil, à la base on est cool Mais, ils veulent nous voir méchants, nous voir agressifs Mes vêtements sont plein d'sang mais ils sentent la... Lessive
53%
Bikini Bottom 1 On est partis manger, t'as craqué un soir, tu m'as relancé Jeune travailleuse, personne pour la financer T'aimes pas trop mon taff et rien qu'd'y penser, t'es... Jalouse
52%
Chouchou 1 En gueule de bois, dimanche, c'est Uber, Eats et McDo La seule que j'peux laisser fumer, ma conso perso Elle croit aux signes astrals, Bélier, Sagittaire... Verseaux
49%
Idiote 5 Puis deux ans après, papa m'a présenté une nouvelle sœur M'a dit "c'est une demi, une moitié, barricade ton cœur" Donc depuis, je m'... Attache pas trop aux gens
47%
Bénef 2 J'ai déballé des plans go donc j'ai l'moral au max, eh Il m'faut un palais, une putain d'bagnole Une brune italienne ou une... Blonde espagnole
44%
En mieux 2 Elle et moi, on s'connaît d'puis longtempsC'est pas juste parce qu'on baise que j'ai ton temps J'connais déjà son but, j'connais... Son plan
43%
Périph 1 Si t'es un mec du 9.5, forcément, t'as un compèt'
Jamais tu refuses ta tête, t'ouvres une pizza ou un grec
Si t'es un mec du 7.8, t'es nerveux, t'es...
Sceptique
39%
Problèmes 5 Dans la rue, pas sur Twitter Dans les endroits sombres, j'ai fait passeur et buteur Sur l'terrain jusqu'à pas d'heure, j's'rai... Tout seul dans ma tombe
38%
Aimer 3 La nuit je n'dors plus, je rêve de rêver, le marchand d'sable m'oublie souvent Moi, j'cogite sous Clan, faut que j'lui donne RDV Toujours cette boule au ventre comme si j'étais coupable d'un... Crime de guerre
36%
Ça mène à rien 3 J'ai pas su la piquer
C'est mieux qu'j'mette la fuite, ouais
J'avoue, ça...
Sert à rien
34%
A l'envers 3 Pas maintenant On fait l'même bruit, mais confonds pas La balle réelle, la... Balle à blanc
33%
A la base 1
En manque d'affection, petit re-frè achète d'l'amour chez une pute
Ça erre dehors sans but, c'est ça la vie des jeunes comme moi
Règlements d'compte et puis...
Coma
33%
Hubert et Saïd 3 J'veux sortir blessé comme d'un combat de bare knuckle Vas-y, dis-moi, j't'écoute, on sait faire quoi nous à part le beurre? J'peux t'dire si c'est d'la frappe, même pas besoin de... Sentir l'odeur
33%
Nana 2 Le genre de fille qui ne fait que danser Elle à ta table tu ne peux plus penser Des sommes et des sommes j'ai... Trop dépensé
30%
Pelo 2 J'veux avoir la vue sur Paris habiter au Mont Valérien On veut croquer dans les gâteaux, tous les étés faire du bateau Saint-Tropez, Cannes ou Monaco, pour la daronne faut... Des cadeaux
29%
Dingue 2 J'me sens mal dans l'émission
Ça me rappelle l'OPJ et ses questions
Concu' répète ce que j'fais comme...
Des perroquets
29%
Travailler 3 Elle m'a dit "mon pote, c'est cuit" Je s'rais pas ta chérie Tu fais que d'me courir après comme dans... Tom et Jerry
26%
Monégasque 1 Question de principe Ils ont déjà fait pleurer maman Donc j'serai toujours... Hostile
25%
R.A.F 3 J'ai fait l'bon j'ai fini déçu On connait la vérité j'ai vu les dessous C'est pas clair tout en haut y a... Des sombres dossiers
19%
Attentat 1 Parce que t'as peur de c'qui peut s'passer Comme un attaquant qui sait plus s'placer J'pense à elle quand j'suis sur... Marseille
13%
Aucun quiz correspondant
Distribution des résultats
% des personnes avec chaque résultat
Percentile par nombre de réponses
Votre historique - résultats
Vous n’avez pas pris ce quiz